[Event "St Petersburg Korchnoi Memorial op"]
[Site "St Petersburg"]
[Date "2019.08.16"]
[Round "3"]
[White "Dalic, Tadija"]
[Black "Emdin, Mark"]
[Result "0-1"]
[WhiteElo "1896"]
[BlackElo "2173"]
[PlyCount "46"]
[EventDate "2019.08.14"]
[EventType "swiss"]
[EventRounds "9"]
[EventCountry "RUS"]
[SourceTitle "CBM 192"]
[Source "ChessBase"]
[SourceDate "2019.10.31"]
[SourceVersion "1"]
[SourceVersionDate "2019.10.31"]
[SourceQuality "1"]

1. e4 e6 2. d3 d5 3. Nd2 c5 4. g3 Bd6 5. Bg2 Ne7 6. Ngf3 Nbc6 7. 0-0 0-0 8. Nh4 Bc7 9. f4 f6 10. Kh1 a5 11. c3 b6 12. Rg1 Ba6 13. Qc2 dxe4 14. dxe4 Bd3 15. Qb3 c4 16. Qb5 e5 17. f5 a4 18. Nxc4 Ra5 19. Qxa5 bxa5 20. Ne3 Qa8 21. Nd5 Nxd5 22. exd5 Ne7 23. Rd1 e4 0-1

[Event "CRO Cup"]
[Site "Mali Losinj"]
[Date "2019.05.17"]
[Round "4.114"]
[White "Dalic, Tadija"]
[Black "Kovac, Petar"]
[Result "1/2-1/2"]
[WhiteElo "1928"]
[BlackElo "1874"]
[PlyCount "82"]
[EventDate "2019.05.15"]
[EventType "team-swiss"]
[EventRounds "6"]
[EventCountry "CRO"]
[SourceTitle "CBM 190 Extra"]
[Source "ChessBase"]
[SourceDate "2019.07.15"]
[SourceVersion "1"]
[SourceVersionDate "2019.07.15"]
[SourceQuality "1"]
[WhiteTeam "Zagreb Koncar"]
[BlackTeam "Zupanja Sladorana"]
[WhiteTeamCountry "CRO"]
[BlackTeamCountry "CRO"]

1. e4 e6 2. d3 c5 3. Nf3 Nc6 4. g3 g6 5. Bg2 Bg7 6. 0-0 Nge7 7. Nbd2 0-0 8. Re1 d6 9. c3 e5 10. Nf1 h6 11. h3 Be6 12. g4 f5 13. exf5 gxf5 14. gxf5 Nxf5 15. Ng3 Nxg3 16. fxg3 d5 17. Kh2 Qd6 18. Qe2 Bf5 19. Nh4 Bh7 20. Bd2 Kh8 21. Rf1 Rae8 22. Rxf8+ Rxf8 23. Rf1 Rxf1 24. Qxf1 Qd7 25. g4 Kg8 26. Nf5 Bxf5 27. gxf5 Qd6 28. Kh1 Ne7 29. Qf3 Qf6 30. c4 e4 31. dxe4 Qxb2 32. cxd5 Qxd2 33. f6 Bf8 34. Qg4+ Qg5 35. Qxg5+ hxg5 36. fxe7 Bxe7 37. e5 Kf7 38. d6 Bd8 39. Bd5+ Ke8 40. Bxb7 Kd7 41. Bd5 Ba5 1/2-1/2